Responses for Show #5998 - Wednesday, October 13, 2010

Contestants

[<< previous game]

Terry Andrews, a systems analyst originally from Decatur, Illinois

Sara Wilkinson, a country club concierge from Athens, Georgia

Suzanne Rorick, a stay-at-home mom from Stevenson Ranch, California (whose 1-day cash winnings total $12,900)

[next game >>]

Jeopardy! Round responses

ALL ABOUT ANTARCTICA
(Alex: We are fortunate in that some of the clues will be delivered by the man on the spot, Lindblad-National Geographic naturalist Tom Ritchie.)
GOOD TV
VS.
JOHN GRISHAM BOOKS
I WANT A COOKIE!
ENDS IN "GI", JOE
    $200 26
the ozone

Terry
    $200 11
Good Morning America

Triple Stumper
    $200 21
the Capulets

Suzanne
    $200 16
The Firm

Sara
    $200 1
the Girl Scouts

Sara
    $200 6
the magi

Suzanne
    $400 27
the Andes

Suzanne
    $400 12
The Good Wife

Sara
    $400 22
a PC & a Mac

Sara
    $1,400 17
The Pelican Brief

Sara
    $400 2
Oreo

Terry
    $400 7
a corgi

Terry
    $600 28
World War II

Triple Stumper
    $600 13
Good Times

Sara
    $600 23
Ali & Frazier

Sara
    $600 18
A Time to Kill

Sara
    $600 3
Pillsbury

Sara
    $600 8
a yogi

Terry
    $800 29
(Sara: What is Perry?)

Byrd

Sara
Triple Stumper
    $800 14
You're a Good Man, Charlie Brown

Sara
    $800 24
Spy vs. Spy

Terry
    $800 19
The Runaway Jury

Sara
    $800 4
Keebler

Sara
    $800 9
a pierogi

Terry
    $1000 30
whaling

Suzanne
    $1000 15
Carson Kressley

Terry
    $1000 25
the Hatfields & the McCoys

Terry
    $1000 20
The Client

Sara
    $1000 5
Famous Amos

Triple Stumper
    $1000 10
Luigi

Sara

Scores at the first commercial break (after clue 15):

Suzanne Sara Terry
$200 $4,400 $3,200

Scores at the end of the Jeopardy! Round:

Suzanne Sara Terry
$1,800 $8,600 $5,200

Double Jeopardy! Round responses

"F" IN GEOGRAPHY
(Alex: Each correct response beginning with that letter of the alphabet.)
ENTERTAINMENT WEEKLY
(Alex: ...celebrating its 20th anniversary this month.)
THE TRIALS OF WOMANHOOD
ANATOMICAL ETYMOLOGY
FLIES & FLYING
METAPHORS BE WITH YOU
    $400 1
Flanders

Suzanne
    $400 21
Matt Groening

Sara
    $400 6
a court-martial

Sara
    $400 11
the appendix

Suzanne
    $400 26
Sartre

Terry
    $400 14
"All the world's a stage"

Suzanne
    $800 2
Flint

Terry
    $800 22
k.d. lang

Sara
    $800 7
Mary, Queen of Scots

Sara
    $800 12
cartilage

Triple Stumper
    $800 27
George H.W. Bush

Terry
    $800 15
kick the bucket

Sara
    $2,000 3
(Terry: What is the fertile valley?)

the Fertile Crescent

Terry
    $1200 23
Baby Mama

Suzanne
    $1200 8
Ethel Rosenberg

Sara
    $1200 13
the pancreas

Triple Stumper
    $1200 28
[The end-of-round signal sounds.]

Lord of the Flies

Suzanne
    $1200 16
hit below the belt

Sara
    $1600 4
the Bay of Fundy

Suzanne
    $1600 24
Rendition

Sara
    $1600 9
Myanmar (or Burma)

Sara
    $1,600 19
the pericardium

Sara
    $1600 17
the Bamboo Curtain

Terry
    $2000 5
the Faroe Islands

Triple Stumper
    $2000 25
Doug Ross

Sara
    $2000 10
Italy

Suzanne
    $2000 20
the sclera

Triple Stumper
    $2000 18
the blind leading the blind

Sara

Scores at the end of the Double Jeopardy! Round:

Suzanne Sara Terry
$9,000 $23,000 $6,800
(lock game)

[wagering suggestions for these scores]

Final Jeopardy! Round responses

BRITISH AUTHORS
TerryWho is?
$6,000
SuzanneWho is A.A. Milne?
$5,000
SaraWho is A.A. Milne?
$2,000
A.A. Milne

Final scores:

Suzanne Sara Terry
$14,000 $25,000 $800
2nd place: $2,000 New champion: $25,000 3rd place: $1,000

Game dynamics:

Coryat scores:

Suzanne Sara Terry
$9,000 $22,000 $8,800
11 R,
0 W
26 R
(including 2 DDs),
1 W
12 R,
1 W
(including 1 DD)

Combined Coryat: $39,800

[game clues] [game scores] [suggest correction]

Game tape date: 2010-08-09
The J! Archive is created by fans, for fans. Scraping, republication, monetization, and malicious use prohibited; this site may use cookies and collect identifying information. See terms. The Jeopardy! game show and all elements thereof, including but not limited to copyright and trademark thereto, are the property of Jeopardy Productions, Inc. and are protected under law. This website is not affiliated with, sponsored by, or operated by Jeopardy Productions, Inc. Join the discussion at JBoard.tv.